Alle Deutschen Nordsee-Inseln und Halligen - Statistiken

Allgemein
  • Dieses Quiz wurde 286 mal gespielt
  • Das Durchschnittsergebnis liegt bei 11 aus 22
Antwortstatistiken
Antwort % Korrekt
12 Sylt
92%
1 Amrum
79%
4 Borkum
78%
9 Norderney
74%
7 Juist
72%
8 Langeoog
72%
11 Spiekeroog
71%
6 Helgoland
70%
5 Föhr
68%
13 Wangerooge
65%
3 Baltrum
64%
15 Hallig Hooge
54%
10 Pellworm
50%
23 Hallig Langeneß
27%
19 Hamburger Hallig
21%
14 Hallig Gröde
20%
17 Hallig Oland
20%
21 Hallig Süderoog
19%
20 Hallig Norderoog
17%
16 Hallig Nordstrandischmoor
16%
22 Hallig Südfall
15%
18 Hallig Habel
13%
Keine übereinstimmenden Quizze gefunden
Verteilung der Resultate
Anzahl Personen mit jedem Resultat
Perzentil nach korrekt beantworteten Fragen
Ihre Resultats-Entwicklung
Sie haben dieses Quiz noch nicht gespielt